Statistics for Five Biggest Cities by Continent by Letter - W

Click here to take the quiz!

General Stats

  • This quiz has been taken 184 times
    (182 since last reset)
  • The average score is 10 of 27

Answer Stats

PopulationCountryCity% Correct
1,754,000PolandWarsaw
99%
681,000USAWashington, D.C.
90%
207,000New ZealandWellington
83%
7,542,000ChinaWuhan
79%
618,000CanadaWinnipeg
77%
326,000NamibiaWindhoek
75%
638,000PolandWrocław
65%
56,000Australia{Wagga} Wagga
55%
2,686,000ChinaWenzhou
49%
390,000USAWichita
40%
2,758,000ChinaWuxi
37%
198,000CanadaWindsor
37%
350,000GermanyWuppertal
37%
296,000AustraliaWollongong
34%
211,000UKWolverhampton
31%
276,000GermanyWiesbaden
24%
1,262,000ChinaWeifang
20%
242,000USAWinston-Salem
19%
1,108,000ChinaWuhu
17%
557,000NigeriaWarri
13%
118,000South SudanWau
13%
56,000New ZealandWh{angarei}
10%
40,000New ZealandWh{anganui}
7%
211,000South AfricaWelkom
6%
16,000Brazil{Wenceslau} Braz
5%
78,000BoliviaWa{rnes}
4%
109,000South AfricaWitbank
2%

Score Distribution

Percentile by Number Answered

Percent of People with Each Score

Your Score History

You have not taken this quiz since the last reset